Từ điển lỗi chính tả
Đề cập nguyên tắc sử dụng từ điển, dùng từ sai vỏ âm thanh, trình bày dùng từ sai ý nghĩa, dùng lặp từ, dùng thừa từ, thiếu từ, dùng từ sai phong cách, sai từ loại.
Đã lưu trong:
| Tác giả chính: | |
|---|---|
| Định dạng: | Sách |
| Năm xuất bản: |
H
Giáo dục
2007
|
| Chủ đề: | |
| Tags: |
Thêm thẻ
Không có thẻ, Hãy là người đầu tiên gắn thẻ bản ghi này!
|
| LEADER | 01534nam a2200229 4500 | ||
|---|---|---|---|
| 082 | |a 495.922 81 |b T550đ | ||
| 100 | |a Hà Quang Năng | ||
| 245 | |a Từ điển lỗi chính tả |c Hà Quang Năng chủ biên, Nguyễn Thị Trung Thành, Lê Thị Lệ Thanh,... | ||
| 260 | |a H |b Giáo dục |c 2007 | ||
| 300 | |a 294tr |c 21cm. | ||
| 500 | |a | ||
| 520 | |a Đề cập nguyên tắc sử dụng từ điển, dùng từ sai vỏ âm thanh, trình bày dùng từ sai ý nghĩa, dùng lặp từ, dùng thừa từ, thiếu từ, dùng từ sai phong cách, sai từ loại. | ||
| 653 | |a Ngôn ngữ | ||
| 653 | |a Tiếng Việt | ||
| 653 | |a Từ điển chính tả | ||
| 942 | |2 ddc |c STK0 | ||
| 999 | |c 10133 |d 10133 | ||
| 952 | |0 0 |1 0 |2 ddc |4 0 |6 495_922000000000000_81_T550Đ |7 0 |8 400 |9 78992 |a qbu |b qbu |c D2 |d 2015-07-20 |g 28000 |o 495.922 81 T550đ |p 10271.c1 |r 0000-00-00 |w 2015-07-20 |y STK0 | ||
| 952 | |0 0 |1 0 |2 ddc |4 0 |6 495_922000000000000_81_T550Đ |7 0 |8 400 |9 78993 |a qbu |b qbu |c D2 |d 2015-07-20 |g 28000 |o 495.922 81 T550đ |p 10271.c2 |r 0000-00-00 |w 2015-07-20 |y STK0 | ||
| 952 | |0 0 |1 0 |2 ddc |4 0 |6 495_922000000000000_81_T550Đ |7 0 |8 400 |9 78994 |a qbu |b qbu |c D2 |d 2015-07-20 |g 28000 |o 495.922 81 T550đ |p 10271.c3 |r 0000-00-00 |w 2015-07-20 |y STK0 | ||
| 952 | |0 0 |1 0 |2 ddc |4 0 |6 495_922000000000000_81_T550Đ |7 0 |8 400 |9 78995 |a qbu |b qbu |c D2 |d 2015-07-20 |g 28000 |o 495.922 81 T550đ |p 10271.c4 |r 0000-00-00 |w 2015-07-20 |y STK0 | ||
| 952 | |0 0 |1 0 |2 ddc |4 0 |6 495_922000000000000_81_T550Đ |7 0 |8 400 |9 78996 |a qbu |b qbu |c D2 |d 2015-07-20 |g 28000 |o 495.922 81 T550đ |p 10271.c5 |r 0000-00-00 |w 2015-07-20 |y STK0 | ||